| 000 | 01344nam a2200229Ia 4500 | ||
|---|---|---|---|
| 003 | Ost | ||
| 005 | 20260507074950.0 | ||
| 008 | 260507s9999||||xx |||||||||||||| ||und|| | ||
| 040 | _cfsecg | ||
| 041 | _aara | ||
| 082 | _a339.49 | ||
| 100 |
_aناصف، إيمان عطية _eمؤلف |
||
| 245 | 0 |
_aاقتصاديات الموارد والبيئة / _c إيمان عطية ناصف |
|
| 260 |
_aالاسكندرية: _bالمكتب الجامعي الحديث, _c2008 |
||
| 300 |
_a327 صفحة؛ _bإيضاحات ؛ _c24 سم |
||
| 520 | _aالموارد الاقتصادية وتقسيماتها ،الموارد الطبيعية غير المتجددة ،تسعير الموارد غير المتجددة ،اقتصاديات التعدين ،أهمية الزراعة في الاقتصاديات النامية ،السياسة السعرية الزراعية ،السياسات التسويقية الزراعية ،الموارد البيئية ، اقتصاديات الموارد البشرية ،اقتصاديات السكان ،اقتصاديات الصناعة ،التلوث البيئي ،العولمة والبيئة | ||
| 653 | _aالبيئة | ||
| 653 | _aالموارد الإقتصادية | ||
| 653 | _aتلوث البيئة | ||
| 700 |
_aعمارة، هشام محمد _eمؤلف ثانوي |
||
| 942 | _cكتاب | ||
| 999 |
_c41985 _d41985 |
||